مكتبة جامعة عجلون الوطنية

فهرس بحث المكتبة

WORKERS' SELF-MANAGEMENT AND PARTICIPATION IN DECISION -MAKING AS A FACTOR OF SOCIAL CHANGE AND ECONOMIC PROGRESS IN DEVELOPING COUNTRIES (Record no. 1549)

MARC details
000 -LEADER
fixed length control field 00729nam a2200205Ii 4500
003 - CONTROL NUMBER IDENTIFIER
control field JO-AjNU
008 - FIXED-LENGTH DATA ELEMENTS--GENERAL INFORMATION
fixed length control field 230606s9999||||xx |||||||||||||| ||und||
020 ## - INTERNATIONAL STANDARD BOOK NUMBER
International Standard Book Number 92-9038-011-X
040 ## - CATALOGING SOURCE
Original cataloging agency JO-AjNU
Language of cataloging eng
Description conventions rda
Transcribing agency JO-AjNU
041 ## - LANGUAGE CODE
Language code of text/sound track or separate title eng
050 14 - LIBRARY OF CONGRESS CALL NUMBER
Classification number HD5660.D44 W67 .1981
100 3# - MAIN ENTRY--PERSONAL NAME
Personal name Algeria/ Guyana,
Relator term author
9 (RLIN) 2956
245 00 - TITLE STATEMENT
Title WORKERS' SELF-MANAGEMENT AND PARTICIPATION IN DECISION -MAKING AS A FACTOR OF SOCIAL CHANGE AND ECONOMIC PROGRESS IN DEVELOPING COUNTRIES
264 31 - PRODUCTION, PUBLICATION, DISTRIBUTION, MANUFACTURE, AND COPYRIGHT NOTICE
Place of production, publication, distribution, manufacture  Yugoslavia:Ljubljana.1981
300 ## - PHYSICAL DESCRIPTION
Extent 304p
336 ## - CONTENT TYPE
Content type term text
Content type code txt
Source rdacontent
337 ## - MEDIA TYPE
Media type term unmediated
Media type code n
Source rdamedia
338 ## - CARRIER TYPE
Carrier type term volume
Carrier type code nc
Source rdacarrier
650 #4 - SUBJECT ADDED ENTRY--TOPICAL TERM
Topical term or geographic name entry element Management--Employee participation--Developing countries.
9 (RLIN) 2957
Holdings
Withdrawn status Lost status Source of classification or shelving scheme Damaged status Not for loan Home library Current library Shelving location Date acquired Total Checkouts Full call number Barcode Date last seen Price effective from Koha item type
    Library of Congress Classification     مكتبة جامعة عجلون الوطنية مكتبة جامعة عجلون الوطنية المجموعات العامة 06/06/2023   HD5660.D44 W67 .1981 E1549 06/06/2023 06/06/2023 Books